00558nam a2200217Ia 4500003000400000005001700004006001900021007000300040008004100043020001500084024001100099037001200110040001800122041001300140082001400153100001800167245005500185260006500240300000800305650002700313OSt20221007105023.0a|||||r|||| 00| 0 ta221006b |||||||| |||| 00| 0 eng d a8175345616 a17,389 cTextual aLCOcLCObeng 2engaeng aZwM99, N4 aHeward Edmund 0aGreat and The Good b A life of Lord Radcliffe  aDelhibUniversal Law Publishing Co. Pvt. Ltd. India c1994 a264 aLIFE OF LORD RADCLIFFE